LEADER 01335nam a2200325 a 4500 001 000000124586 003 CaOOAMICUS 005 20110308171313.0 008 110308s2010 it b u000 udita r 020 $a978-88-10-45303-2 040 $aPUL$bita 082 04$a880.09 100 1 $aSimonetti, Manlio,$d1926-$0(OLS)http://pul/name/851 245 10$aStoria della letteratura cristiana antica /$cManlio Simonetti ; Emanuela Prinzivalli. 250 $aNuova edizione. 260 $aBologna :$bEDB,$c2010. 300 $a646 p. ;$c21 cm 490 1 $aPrimi secoli ;$v3 504 $aBibliografia: p. 579-627. 650 04$aLetteratura cristiana antica$xManuali, trattati, ecc.$0(OLS)http://pul/subject/17429 700 1 $aPrinzivalli, Emanuela.$0(OLS)http://pul/name/1038 830 0$aPrimi secoli ;$v3.$0(OLS)http://pul/title/132711 850 $aPUL 852 $aPUL$W1$xSL Cons. Gen., Altre Classi 3$y75$m880. 09 SIMMA 1$j143469$qDDC 21$B142498$CPULBib$Z2$F142498 $H115453 $82 941 1 $a9 996 $6020$a978-88-10-45303-2$9(OLS)http://pul/number/146598 996 $6082$a880.09$9(OLS)http://pul/classification/1889 996 $6245$aStoria della letteratura cristiana antica$9(OLS)http://pul/title/58059 996 $6260$aBologna :$bEDB$9(OLS)http://pul/publisher/56073 LEADER 01365nam a2200325 a 4500 001 000000171376 003 CaOOAMICUS 005 20190124144636.0 008 190124s2018 it u000 u ita r 020 $a978-88-217-6840-8* 032 $aLibriCat 040 $aPUL$bita 082 14$a342.08 245 10$aGDPR e normativa privacy : $bcommentario /$ca cura di Giovanni Maria Riccio, Guido Scorza, Ernesto Belisario . 250 $a1.ed. 260 $aMilanofiori Assago :$bWolters Kluwer,$cİ2018. 300 $aXXIII, 832 p.; $c24 cm 490 1 $aCommentari IPSOA 650 4$aDiritto alla riservatezza$zItalia.$0(OLS)http://pul/subject/33814 650 4$aDiritto alla riservatezza$zEuropa.$0(OLS)http://pul/subject/40537 830 0$aCommentari IPSOA.$0(OLS)http://pul/title/133094 850 $aPUL 852 $aPUL$W1$xSL Diritto e Scienze Sociali 3$y79$m348. 45 COD 2.49$j195068$qDDC 21$B199968$CPULBib$Z2$F199968 $H132106 $81 941 1 $a9 960 $aPrivacy (diritto)$940537 996 $6020$a978-88-217-6840-8*$9(OLS)http://pul/number/165638 996 $6082$a342.08$9(OLS)http://pul/classification/716 996 $6245$aGDPR e normativa privacy : $bcommentario$9(OLS)http://pul/title/212199 996 $6260$aMilanofiori Assago :$bWolters Kluwer$9(OLS)http://pul/publisher/81463